000 00455nam a2200181Ia 4500
001 9254
005 20260306160710.0
008 260306t2008||||xx |||||||||||||| ||spa||
041 _aESP
082 _a378.002
_bU61 2005
100 _aUniversidad Nacional Hermilio Valdizan
_eAUT
245 0 _aResumenes de tesis de pre grado 2005
260 _c2008
300 _a66 páginas :
_c21 cm.
650 _aGEN
654 _aCED
942 _cLIB
_dJUS
_fJUS
_2ddc
_n
999 _c9254
_d9254